00820nam a2200181 i 450000100060000000300090000600500170001500700030003200800410003511100920007624501170016826000710028530000460035671000680040285200310047099900170050195201200051846227ES-MaACL20230906161339.0t|030328s1978 sp ||||1| eng d2 aConferencia Internacional sobre Virus y Virosis de la Vid (n6ª.d1976. cMadrid)921210aProcedings of the 6th Conference on Virus and Virus deseases of the grapevine... España 13-21 septiembre 1976. aMadrid : bInstituto Nacional de Investigaciones Agrarias, c1978. aLIV, 374 p., 29 lám. : bil. ; c25 cm.2 aInstituto Nacional de Investigaciones Agrarias (España)95168 aES-MaACLjL-298 bR.100884 c46227d46227 00104070aATENEOMbATENEOMcDEPO2d2008-01-17eSCl0oL-298p1048624r2023-02-23 00:00:00w2023-02-23yMONOGRAFIA